000 nam a22 7a 4500
999 _c8162
_d8162
008 171204b xxu||||| |||| 00| 0 eng d
100 _aMoore G Franklin
_94597
245 _aManufacturing Management
250 _a4th edition
260 _aHomewood
_bRichard D Irwin INC
_c1965